[Event "Catalunya-chT"]
[Site "Catalunya"]
[Date "1996.??.??"]
[Round "?"]
[White "Oms Pallisse, Josep"]
[Black "Oussama, Omar"]
[Result "1-0"]
[WhiteElo "2375"]
[BlackElo "2190"]
[PlyCount "65"]
[EventDate "1996.??.??"]
[EventType "team"]
[EventRounds "9"]
[EventCountry "ESP"]
[SourceTitle "EXT 1999"]
[Source "ChessBase"]
[SourceDate "1998.11.16"]
[SourceVersion "1"]
[SourceVersionDate "1998.11.16"]
[SourceQuality "1"]

1. Nf3 c5 2. c4 Nf6 3. Nc3 Nc6 4. g3 e6 5. Bg2 Be7 6. d4 cxd4 7. Nxd4 0-0 8. 0-0 a6 9. e4 Qc7 10. Be3 Nxd4 11. Qxd4 Ng4 12. Bf4 d6 13. Qd2 Bd7 14. Rac1 Rfd8 15. Rfd1 Ne5 16. b3 b6 17. Be3 Qb7 18. Qe2 Bc6 19. f4 Nd7 20. Nd5 Bf8 21. Bf2 a5 22. Nc3 Nc5 23. Re1 Rac8 24. Rcd1 g6 25. Nb5 d5 26. exd5 exd5 27. Nd4 Ne4 28. Nxc6 Re8 29. cxd5 Nxf2 30. Qxf2 Bc5 31. Nd4 b5 32. Rxe8+ Rxe8 33. Bf3 1-0